BIBLIOTECA PODER JUDICIAL
Portal Judicial TDF

La facultad de control médico del art. 210 LCT y las dificultades a la hora de su aplicación / (Registro nro. 5713)

000 -LEADER
fixed length control field 01001nab a22002177a 4500
003 - CONTROL NUMBER IDENTIFIER
control field OSt
005 - DATE AND TIME OF LATEST TRANSACTION
control field 20251230235243.0
008 - FIXED-LENGTH DATA ELEMENTS--GENERAL INFORMATION
fixed length control field 190605e xxu||||| |||| 00| 0 spa d
040 ## - CATALOGING SOURCE
Transcribing agency PJ
100 ## - MAIN ENTRY--PERSONAL NAME
9 (RLIN) 5129
Personal name Sfeir, Santiago L.
245 13 - TITLE STATEMENT
Title La facultad de control médico del art. 210 LCT y las dificultades a la hora de su aplicación /
Statement of responsibility, etc Santiago L. Sfeir.
260 ## - PUBLICATION, DISTRIBUTION, ETC. (IMPRINT)
Place of publication, distribution, etc Ciudad Autónoma de Buenos Aires :
Name of publisher, distributor, etc Thomson Reuters La Ley,
Date of publication, distribution, etc 2024.
300 ## - PHYSICAL DESCRIPTION
Extent p. 81-84
500 ## - GENERAL NOTE
General note Cita: TR LALEY AR/DOC/2040/2024<br/><br/>
505 ## - FORMATTED CONTENTS NOTE
Formatted contents note Sumario: I. Introducción.— II. La figura del control médico y las potestades de las partes.— III. Palabras finales.
505 ## - FORMATTED CONTENTS NOTE
Title ¿Te interesa el texto completo? Solicitalo al correo: koha@justierradelfuego.gov.ar
650 #0 - SUBJECT ADDED ENTRY--TOPICAL TERM
9 (RLIN) 1316
Topical term or geographic name as entry element DERECHO LABORAL
650 #0 - SUBJECT ADDED ENTRY--TOPICAL TERM
9 (RLIN) 1391
Topical term or geographic name as entry element REFORMA LABORAL
773 0# - HOST ITEM ENTRY
Host Biblionumber 2711
Host Itemnumber 3168
Place, publisher, and date of publication Ciudad Autónoma de Buenos Aires : Thomson Reuters La Ley, 1999-2002.
Title Revista de derecho del trabajo. Nº 5 - Septiembre 2024
942 ## - ADDED ENTRY ELEMENTS (KOHA)
Source of classification or shelving scheme
Koha item type Analítica Artículo de Revista

No hay ítems disponibles.

12 de Octubre 789 Ushuaia - Tel:  54(02901)441571
Horario de Atención: 8.00 a 17.00 hs. 
bibliotecaush@justierradelfuego.gov.ar
koha@justierradelfuego.gov.ar
Seguinos en nuestras redes @bibliojustdf 

Con tecnología Koha